[Event "Russian Higher League 2020"]
[Site "?"]
[Date "2020.10.08"]
[Round "1.24"]
[White "Bimiev, Ahmad"]
[Black "Rozum, Ivan"]
[Result "0-1"]
[WhiteElo "2252"]
[BlackElo "2566"]
[PlyCount "48"]
[EventDate "2020.??.??"]

1. c4 c5 2. Nc3 Nc6 3. Nf3 Nd4 4. e3 Nxf3+ 5. Qxf3 g6 6. Be2 Bg7 7. O-O d6 8.
d4 Nf6 9. Qg3 Qb6 10. d5 O-O 11. Rd1 Rd8 12. e4 e6 13. Rb1 Re8 14. Bg5 e5 15.
h4 h6 16. Be3 Qc7 17. f4 exf4 18. Bxf4 Nxe4 19. Nxe4 Rxe4 20. Bd3 Rd4 21. Bxd6
Qd8 22. Bxc5 Rxh4 23. Re1 Bd7 24. Be7 Bd4+ 0-1

[Event "Russian Higher League 2020"]
[Site "?"]
[Date "2020.10.08"]
[Round "1.25"]
[White "Lintchevski, Daniil"]
[Black "Tugarin, Anton"]
[Result "1/2-1/2"]
[WhiteElo "2559"]
[BlackElo "2224"]
[PlyCount "106"]
[EventDate "2020.??.??"]

1. e4 e6 2. d4 d5 3. Nd2 c5 4. Ngf3 cxd4 5. Nxd4 Nc6 6. Bb5 Bd7 7. Nxc6 bxc6 8.
Bd3 Bd6 9. Qe2 e5 10. c4 d4 11. f4 Qe7 12. f5 f6 13. O-O Nh6 14. Nf3 Nf7 15.
Bd2 Bb4 16. Bxb4 Qxb4 17. a3 Qb6 18. b4 c5 19. b5 a5 20. Nd2 O-O-O 21. a4 Rdf8
22. Rf3 Nd6 23. Rg3 Rfg8 24. Nb3 Be8 25. Qd2 Nb7 26. Rf1 Kd8 27. Rh3 Ke7 28.
Rff3 Bf7 29. Rh4 h6 30. Rg3 Kf8 31. Qe1 Ke7 32. Rgg4 Kf8 33. Rg3 Ke7 34. Rf3
Kf8 35. Qd2 Ke7 36. Rf2 Kf8 37. Kf1 Ke7 38. Ke1 Kf8 39. Kd1 Ke7 40. Kc1 Kf8 41.
Qe1 Ke7 42. Rh3 Kf8 43. Kb1 Ke7 44. Qd2 Kf8 45. g4 Ke7 46. Rg3 Rh7 47. h4 Rgh8
48. Rfg2 Kf8 49. Kc2 Ke7 50. Kb1 Kf8 51. Kc2 Ke7 52. Kb1 Kf8 53. Kc2 Ke7
1/2-1/2

[Event "Russian Higher League 2020"]
[Site "?"]
[Date "2020.10.09"]
[Round "2.1"]
[White "Sjugirov, Sanan"]
[Black "Lysyj, Igor"]
[Result "1/2-1/2"]
[WhiteElo "2675"]
[BlackElo "2593"]
[PlyCount "75"]
[EventDate "2020.??.??"]

1. d4 Nf6 2. c4 e6 3. Nf3 d5 4. Nc3 c5 5. cxd5 cxd4 6. Qxd4 exd5 7. e4 Nc6 8.
Bb5 dxe4 9. Qxd8+ Kxd8 10. Ng5 Ke7 11. O-O h6 12. Ngxe4 Nxe4 13. Nxe4 f5 14.
Nc5 Nd4 15. Bd3 Kf6 16. Nb3 Nxb3 17. axb3 Be6 18. Be3 Bd6 19. Bc4 Bxc4 20. bxc4
Rhc8 21. Rfd1 Be5 22. f4 Bxb2 23. Rab1 Ba3 24. Rxb7 Rxc4 25. Ra1 Be7 26. Ra6+
Kf7 27. Ra5 Re4 28. Kf2 Kg6 29. Raxa7 Rxa7 30. Rxa7 Bf6 31. Ra2 h5 32. Kf3 Rb4
33. Ra3 Re4 34. Rb3 Rc4 35. Rd3 Ra4 36. Rb3 Rc4 37. Rd3 Ra4 38. Rb3 1/2-1/2

[Event "Russian Higher League 2020"]
[Site "?"]
[Date "2020.10.09"]
[Round "2.2"]
[White "Rakhmanov, Aleksandr"]
[Black "Yuffa, Daniil"]
[Result "1-0"]
[WhiteElo "2646"]
[BlackElo "2583"]
[PlyCount "53"]
[EventDate "2020.??.??"]

1. Nf3 d5 2. d4 Nf6 3. e3 c5 4. c3 Nbd7 5. Nbd2 g6 6. Bd3 Bg7 7. O-O O-O 8. h3
Qc7 9. Re1 Rd8 10. Qe2 b6 11. e4 dxe4 12. Nxe4 Bb7 13. Neg5 Bd5 14. Ne5 cxd4
15. Nexf7 Rf8 16. Nh6+ Kh8 17. c4 Bxh6 18. cxd5 Bxg5 19. Bxg5 Nxd5 20. Qe4 Qd6
21. Qxd4+ e5 22. Qh4 Nc5 23. Rad1 Nxd3 24. Rxd3 Qb4 25. Rxe5 Qxh4 26. Bxh4 Nf4
27. Rd7 1-0

[Event "Russian Higher League 2020"]
[Site "?"]
[Date "2020.10.09"]
[Round "2.3"]
[White "Antipov, Mikhail Al"]
[Black "Riazantsev, Alexander"]
[Result "1-0"]
[WhiteElo "2591"]
[BlackElo "2638"]
[PlyCount "69"]
[EventDate "2020.??.??"]

1. e4 c5 2. Nf3 d6 3. d4 cxd4 4. Nxd4 Nf6 5. Nc3 Nc6 6. Bg5 Bd7 7. h4 a6 8. Qd2
e6 9. Be2 Be7 10. O-O-O b5 11. a3 Rb8 12. Nxc6 Bxc6 13. Rh3 Qb6 14. Bxf6 gxf6
15. b4 Qxf2 16. Kb1 Qa7 17. Bh5 a5 18. Nd5 exd5 19. exd5 Bd7 20. Re3 Bf5 21.
Rde1 Rb7 22. Qf2 Be4 23. R1e2 f5 24. g4 Qd4 25. gxf5 Qd1+ 26. Ka2 Qxd5+ 27. Kb1
Qd1+ 28. Ka2 Bd5+ 29. Kb2 Qd4+ 30. c3 Qf6 31. Bf3 Bxf3 32. Qxf3 d5 33. Qxd5 Ra7
34. Qxb5+ Kf8 35. Qb8+ 1-0

[Event "Russian Higher League 2020"]
[Site "?"]
[Date "2020.10.09"]
[Round "2.4"]
[White "Demchenko, Anton"]
[Black "Goganov, Aleksey"]
[Result "0-1"]
[WhiteElo "2632"]
[BlackElo "2573"]
[PlyCount "116"]
[EventDate "2020.??.??"]

1. d4 Nf6 2. Nf3 d5 3. Bf4 c5 4. e3 Nc6 5. Nbd2 Qb6 6. dxc5 Qxb2 7. Rb1 Qc3 8.
Bb5 g6 9. O-O Bg7 10. Nb3 O-O 11. Bxc6 bxc6 12. Be5 Qc4 13. Qd4 Qa6 14. Rfc1
Bf5 15. Qb2 Rfc8 16. h3 Bd7 17. Qd4 Ne8 18. Bxg7 Nxg7 19. c4 Be6 20. cxd5 Bxd5
21. e4 Ne6 22. Qe3 Bxb3 23. axb3 Rd8 24. Ra1 Qb5 25. Rc4 a5 26. Qc3 f6 27. g3
Rab8 28. Nd2 Qb7 29. Rxa5 Qd7 30. Ra2 Ng5 31. h4 Nf7 32. Rb4 Rxb4 33. Qxb4 Ne5
34. Qb6 Qd3 35. b4 Kf7 36. b5 cxb5 37. c6 Rd6 38. Qb8 Nxc6 39. Qh8 Qe2 40.
Qxh7+ Ke6 41. Qg8+ Kd7 42. Nf1 Qxe4 43. Ra1 f5 44. Ne3 Kc7 45. Rc1 f4 46. gxf4
Qxf4 47. Qa8 Qd4 48. Qa5+ Qb6 49. Qa2 Kb8 50. Ra1 Qd4 51. Rb1 b4 52. Qa6 Qxh4
53. Qb6+ Kc8 54. Rc1 Qe4 55. Rc4 Rd1+ 56. Kh2 Qh1+ 57. Kg3 Rg1+ 58. Kf4 e5# 0-1

[Event "Russian Higher League 2020"]
[Site "?"]
[Date "2020.10.09"]
[Round "2.5"]
[White "Goryachkina, Aleksandra"]
[Black "Ponkratov, Pavel"]
[Result "1/2-1/2"]
[WhiteElo "2582"]
[BlackElo "2628"]
[PlyCount "122"]
[EventDate "2020.??.??"]

1. d4 Nf6 2. Bf4 g6 3. Nc3 Bg7 4. e4 d6 5. Qd2 Nc6 6. O-O-O O-O 7. f3 Bd7 8.
Bh6 e5 9. Bxg7 Kxg7 10. Nge2 exd4 11. Nxd4 Qe7 12. g4 Be6 13. h4 Nxd4 14. Qxd4
Kg8 15. Be2 Rad8 16. Qd2 c6 17. g5 Ne8 18. h5 b5 19. f4 b4 20. Na4 d5 21. Qd4
Nc7 22. Nc5 dxe4 23. Qe5 Rd5 24. Rxd5 cxd5 25. hxg6 fxg6 26. Nxe6 Nxe6 27. Qxd5
Rf5 28. Qb3 Kf8 29. Bg4 Nc5 30. Qe3 Rd5 31. f5 gxf5 32. g6 hxg6 33. Rh8+ Kg7
34. Qh6+ Kf6 35. Bh5 Ke5 36. Qxg6 Rd8 37. Rh7 Qd6 38. Qg3+ Kd5 39. Qg5 Ne6 40.
Qxf5+ Qe5 41. Qxe5+ Kxe5 42. Rxa7 Nf4 43. Re7+ Kd4 44. Bd1 Rg8 45. c3+ bxc3 46.
bxc3+ Kxc3 47. Rc7+ Kd4 48. Rd7+ Ke3 49. Bc2 Ne2+ 50. Kb2 Rb8+ 51. Ka1 Nd4 52.
Bb1 Nb5 53. a4 Nc3 54. Bc2 Kf2 55. Rf7+ Ke2 56. Rc7 Nd5 57. Rc5 Nf6 58. Rf5 Kd2
59. Bb1 Rb6 60. a5 Rc6 61. Rxf6 Rxf6 1/2-1/2

[Event "Russian Higher League 2020"]
[Site "?"]
[Date "2020.10.09"]
[Round "2.9"]
[White "Gaifullin, Artur"]
[Black "Artemiev, Vladislav"]
[Result "0-1"]
[WhiteElo "2440"]
[BlackElo "2716"]
[PlyCount "84"]
[EventDate "2020.??.??"]

1. d4 d5 2. c4 c6 3. Nf3 Nf6 4. Nc3 e6 5. e3 Nbd7 6. b3 b6 7. Bb2 Bb7 8. Bd3
Bd6 9. O-O O-O 10. Qe2 Qe7 11. e4 dxe4 12. Nxe4 Nxe4 13. Qxe4 f5 14. Qe2 c5 15.
Rfe1 Rae8 16. Ne5 cxd4 17. Bxd4 Qh4 18. Qb2 Nf6 19. Rad1 Rd8 20. Bf1 Ne4 21. g3
Qe7 22. Bg2 Ba3 23. Qa1 Rd6 24. Bxe4 Bxe4 25. Bb2 Bc5 26. Rxd6 Bxd6 27. f3 Ba8
28. Qd1 f4 29. g4 Rd8 30. Qe2 Bc5+ 31. Kg2 h5 32. Bc3 Qh4 33. gxh5 Qxh5 34. Rd1
Bd6 35. b4 Qg5+ 36. Kh1 Bxe5 37. Rxd8+ Qxd8 38. Bxe5 Qg5 39. Qd3 Bb7 40. Bc7
Qg4 41. Qd8+ Kh7 42. Qd3+ Kh6 0-1

[Event "Russian Higher League 2020"]
[Site "?"]
[Date "2020.10.09"]
[Round "2.10"]
[White "Esipenko, Andrey"]
[Black "Murzin, Volodar"]
[Result "1-0"]
[WhiteElo "2682"]
[BlackElo "2465"]
[PlyCount "85"]
[EventDate "2020.??.??"]

1. e4 c5 2. Nf3 d6 3. d4 cxd4 4. Nxd4 Nf6 5. Nc3 a6 6. Bd3 Nbd7 7. Be3 e6 8. a4
Be7 9. a5 O-O 10. Nb3 Ne5 11. Be2 d5 12. Bb6 Qe8 13. f4 Ng6 14. e5 Nd7 15. Be3
f6 16. exf6 Nxf6 17. O-O Kh8 18. Kh1 Bd6 19. Bc5 Bxc5 20. Nxc5 e5 21. fxe5 Qxe5
22. Ra4 Ne7 23. Qd4 Qc7 24. Bd3 Bd7 25. Nxd7 Qxd7 26. Qh4 Ne4 27. Raa1 Ng6 28.
Qe1 Rxf1+ 29. Bxf1 Qf5 30. Kg1 Re8 31. Rd1 Nf6 32. Qf2 Qe5 33. Qd4 h5 34. Nxd5
Rd8 35. c4 Qg5 36. Qd2 Nf4 37. g3 N6xd5 38. Bg2 Re8 39. cxd5 Ne2+ 40. Kh1 Qg4
41. Re1 h4 42. gxh4 Qa4 43. d6 1-0

[Event "Russian Higher League 2020"]
[Site "?"]
[Date "2020.10.09"]
[Round "2.11"]
[White "Sviridov, Valery"]
[Black "Predke, Alexandr"]
[Result "1/2-1/2"]
[WhiteElo "2558"]
[BlackElo "2676"]
[PlyCount "105"]
[EventDate "2020.??.??"]

1. Nf3 Nf6 2. g3 c5 3. Bg2 Nc6 4. O-O e5 5. c4 d5 6. cxd5 Nxd5 7. Nc3 Be6 8.
Ng5 Qxg5 9. Nxd5 Qd8 10. e4 Bd6 11. d3 O-O 12. Be3 a5 13. Rc1 b6 14. a3 a4 15.
f4 exf4 16. gxf4 Bxd5 17. exd5 Nd4 18. Bxd4 cxd4 19. Rc6 f5 20. Qd2 Qf6 21.
Rxb6 Rae8 22. Qc2 Qd8 23. Rc6 Qb8 24. Qc4 Rf6 25. Qxd4 Re2 26. Rf2 Re1+ 27. Rf1
Re2 28. Rf2 Re1+ 29. Rf1 Qe8 30. Qf2 Re2 31. Rc8 Qxc8 32. Qxe2 Qb8 33. Qf2 Rg6
34. Kh1 Rg4 35. Qe2 g6 36. Bh3 Rh4 37. Bxf5 Rxf4 38. Qe6+ Kg7 39. Rxf4 Bxf4 40.
Qe7+ Kh6 41. Be6 Bg5 42. Qb4 Qxb4 43. axb4 Bf6 44. Bd7 Bxb2 45. Bxa4 Ba3 46. b5
Bd6 47. b6 Kg5 48. Kg2 Kf4 49. h3 Ke3 50. b7 g5 51. Bd7 h6 52. Bf5 Kf4 53. Be6
1/2-1/2

[Event "Russian Higher League 2020"]
[Site "?"]
[Date "2020.10.09"]
[Round "2.12"]
[White "Lobanov, Sergei"]
[Black "Fedoseev, Vladimir"]
[Result "0-1"]
[WhiteElo "2510"]
[BlackElo "2674"]
[PlyCount "70"]
[EventDate "2020.??.??"]

1. e4 c5 2. Nf3 d6 3. d4 cxd4 4. Nxd4 Nf6 5. Nc3 a6 6. h3 g6 7. g4 Bg7 8. Be3
Nc6 9. Qd2 Bd7 10. O-O-O h6 11. f3 Rc8 12. h4 Ne5 13. Be2 b5 14. g5 b4 15. Nb1
hxg5 16. hxg5 Rxh1 17. Rxh1 Nh5 18. Rg1 a5 19. b3 Nc6 20. Bc4 Qc7 21. Nb5 Qb8
22. f4 a4 23. Be2 axb3 24. axb3 Ba1 25. f5 gxf5 26. Bxh5 Qxb5 27. g6 fxg6 28.
Bxg6+ Kd8 29. Qd5 Rb8 30. Qxb5 Rxb5 31. exf5 Bf6 32. Bg5 Nd4 33. Rg2 Bxg5+ 34.
Rxg5 Rc5 35. Rg2 Bc6 0-1

[Event "Russian Higher League 2020"]
[Site "?"]
[Date "2020.10.09"]
[Round "2.13"]
[White "Sarana, Alexey"]
[Black "Iljiushenok, Ilia"]
[Result "0-1"]
[WhiteElo "2657"]
[BlackElo "2515"]
[PlyCount "92"]
[EventDate "2020.??.??"]

1. d4 Nf6 2. Bg5 Ne4 3. Bf4 c5 4. f3 Qa5+ 5. c3 Nf6 6. Nd2 cxd4 7. Nb3 Qd8 8.
cxd4 e6 9. e4 Bb4+ 10. Bd2 Nc6 11. Ne2 Qb6 12. Bxb4 Nxb4 13. Nc3 O-O 14. Qd2 a5
15. Bb5 d6 16. O-O Bd7 17. a4 Rfc8 18. Rfc1 Bc6 19. Kh1 h6 20. h3 Qd8 21. Kh2
Ne8 22. Be2 Nf6 23. Nd1 Nh5 24. g3 b6 25. Nc3 Nf6 26. Qe3 Qe7 27. Nd2 Rab8 28.
Nf1 Nd7 29. Qd2 d5 30. e5 f6 31. exf6 Qxf6 32. Ne3 e5 33. Ng4 Qf5 34. dxe5 Nxe5
35. Nxe5 Qxe5 36. f4 Qf6 37. Rd1 d4 38. Na2 Bxa4 39. Nxb4 Bxd1 40. Rxd1 axb4
41. Qxb4 Re8 42. Bb5 Re4 43. Qc4+ Kh8 44. Qd5 Qe7 45. Bd3 Re2+ 46. Kh1 Re1+ 0-1

[Event "Russian Higher League 2020"]
[Site "?"]
[Date "2020.10.09"]
[Round "2.14"]
[White "Alekseev, Evgeny"]
[Black "Lugovskoy, Maxim"]
[Result "1-0"]
[WhiteElo "2626"]
[BlackElo "2420"]
[PlyCount "55"]
[EventDate "2020.??.??"]

1. Nf3 Nf6 2. c4 e6 3. Nc3 d5 4. e3 Be7 5. b3 Ne4 6. Bb2 Bf6 7. Qc2 Nxc3 8.
Bxc3 c5 9. cxd5 exd5 10. Bxf6 Qxf6 11. d4 b6 12. Rd1 Nc6 13. dxc5 Bf5 14. Bd3
Nb4 15. Bb5+ Ke7 16. Qd2 bxc5 17. O-O Be4 18. Be2 Rac8 19. Rc1 Qb6 20. a3 Nc6
21. Ng5 Rhd8 22. Nxe4 dxe4 23. Qc2 f5 24. Qxc5+ Kf6 25. Qxb6 axb6 26. Ba6 Rc7
27. Rc3 Ke5 28. Bb5 1-0

[Event "Russian Higher League 2020"]
[Site "?"]
[Date "2020.10.09"]
[Round "2.15"]
[White "Kobalia, Mikhail"]
[Black "Ovchinnikov, Vsevolod"]
[Result "1/2-1/2"]
[WhiteElo "2614"]
[BlackElo "2349"]
[PlyCount "203"]
[EventDate "2020.??.??"]

1. e4 e6 2. d4 d5 3. Nc3 Bb4 4. e5 c5 5. a3 Bxc3+ 6. bxc3 Ne7 7. a4 Qc7 8. Nf3
b6 9. Bb5+ Bd7 10. Bd3 Nbc6 11. O-O h6 12. Re1 O-O 13. Ba3 Na5 14. h3 Bxa4 15.
dxc5 bxc5 16. Nh2 Ng6 17. Qg4 Nc4 18. Bxg6 fxg6 19. Qxe6+ Qf7 20. Qxf7+ Rxf7
21. Bxc5 Bxc2 22. e6 Rc7 23. e7 Re8 24. Bxa7 Rexe7 25. Rxe7 Rxe7 26. Bd4 Rb7
27. Ra8+ Kf7 28. Ng4 h5 29. Ne3 Nxe3 30. Bxe3 Rc7 31. Ra3 Bf5 32. Kh2 Bd3 33.
Kg3 Kg8 34. h4 Kh7 35. Bd4 Rf7 36. Ra5 Bc4 37. Rc5 Bb3 38. Be5 Bc4 39. Bf4 Re7
40. Rc8 Rd7 41. Be5 Bd3 42. Re8 Bb5 43. Rf8 Re7 44. Bd4 Be8 45. f3 Bf7 46. Rd8
Be6 47. Kf4 Bg8 48. Kg3 Be6 49. Kf2 Bf7 50. Rb8 Bg8 51. Rf8 Be6 52. Be5 Bg8 53.
Bd6 Rd7 54. Bc5 Rc7 55. Bd4 Re7 56. Rb8 Be6 57. Bc5 Rc7 58. Rb5 Bd7 59. Ra5 Rb7
60. Bd4 Be6 61. Ke3 Bf7 62. Be5 Rb2 63. g3 Rb7 64. Kd4 Rd7 65. Ra8 Bg8 66. Kc5
Re7 67. f4 Bf7 68. Kc6 Bg8 69. Kd6 Rf7 70. Bd4 Rb7 71. Rd8 Bf7 72. Rc8 Bg8 73.
Rf8 Rf7 74. Rb8 Rf5 75. Be5 Bf7 76. Ra8 Bg8 77. Rxg8 Kxg8 78. Kxd5 Rf8 79. c4
Kf7 80. c5 Ra8 81. c6 Ke7 82. Bd6+ Kd8 83. Ke6 Ra6 84. c7+ Kc8 85. Ke7 Rb6 86.
Be5 Rb3 87. f5 Re3 88. Ke6 gxf5 89. Kxf5 g6+ 90. Kf6 Kd7 91. Bf4 Re6+ 92. Kf7
Rb6 93. Be5 Rb5 94. Bf4 Rb6 95. Be5 Rb5 96. Bf6 Kxc7 97. Kxg6 Kd7 98. Bg5 Rb3
99. Kxh5 Rxg3 100. Kg6 Rh3 101. h5 Rxh5 102. Kxh5 1/2-1/2

[Event "Russian Higher League 2020"]
[Site "?"]
[Date "2020.10.09"]
[Round "2.18"]
[White "Tugarin, Anton"]
[Black "Paravyan, David"]
[Result "0-1"]
[WhiteElo "2224"]
[BlackElo "2653"]
[PlyCount "84"]
[EventDate "2020.??.??"]

1. e4 c5 2. c3 e6 3. d4 cxd4 4. cxd4 d5 5. e5 Nc6 6. Nf3 Nge7 7. Na3 Nf5 8. Nc2
Bd7 9. Bd3 Nb4 10. Nxb4 Bxb4+ 11. Bd2 Qb6 12. Bxf5 exf5 13. O-O Be7 14. Bg5
Bxg5 15. Nxg5 h6 16. Nh3 g5 17. f4 O-O-O 18. Qd2 g4 19. Nf2 Kb8 20. Rfc1 Rc8
21. b3 h5 22. Nd1 h4 23. Ne3 Be6 24. b4 g3 25. h3 Qa6 26. Rc5 b6 27. Rxc8+ Rxc8
28. a4 b5 29. Qd3 Qc6 30. Kf1 bxa4 31. Ke2 a6 32. Ra2 Qb7 33. Rc2 Qxb4 34. Qxa6
Rxc2+ 35. Nxc2 Qc4+ 36. Qxc4 dxc4 37. Kd2 Bd5 38. Ne3 a3 39. Kc2 a2 40. Kb2 c3+
41. Ka1 Bxg2 42. Kxa2 Bxh3 0-1

[Event "Russian Higher League 2020"]
[Site "?"]
[Date "2020.10.09"]
[Round "2.19"]
[White "Sergeyev, Alexander"]
[Black "Zvjaginsev, Vadim"]
[Result "0-1"]
[WhiteElo "2374"]
[BlackElo "2617"]
[PlyCount "68"]
[EventDate "2020.??.??"]

1. d4 c5 2. d5 d6 3. e4 Nf6 4. Nc3 g6 5. Nf3 Bg7 6. Be2 O-O 7. O-O Bg4 8. Bg5
Nbd7 9. Qd2 Qa5 10. Rfe1 a6 11. Bh6 Bxh6 12. Qxh6 Bxf3 13. Bxf3 Qb4 14. Qc1 Ne5
15. Bd1 Qd4 16. Rb1 e6 17. Qe3 Nc4 18. Qd3 Rae8 19. dxe6 fxe6 20. Be2 Ne5 21.
Qg3 c4 22. Red1 Qc5 23. Kh1 b5 24. f4 Nf7 25. Bf3 b4 26. Ne2 e5 27. c3 a5 28.
Rbc1 Rc8 29. Qe1 d5 30. fxe5 Nxe5 31. Nd4 Rce8 32. cxb4 axb4 33. Qh4 Nxf3 34.
gxf3 dxe4 0-1

[Event "Russian Higher League 2020"]
[Site "?"]
[Date "2020.10.10"]
[Round "3.1"]
[White "Antipov, Mikhail Al"]
[Black "Rakhmanov, Aleksandr"]
[Result "1/2-1/2"]
[WhiteElo "2591"]
[BlackElo "2646"]
[PlyCount "82"]
[EventDate "2020.??.??"]

1. e4 e5 2. Nf3 Nf6 3. Nxe5 d6 4. Nf3 Nxe4 5. d4 d5 6. Bd3 Bf5 7. O-O Be7 8.
Ne5 Nd7 9. Nc3 Nxe5 10. dxe5 Nxc3 11. bxc3 Qd7 12. Bxf5 Qxf5 13. Qxd5 O-O 14.
Qxb7 Qxe5 15. Qc6 Bc5 16. Bf4 Qxc3 17. Be3 Bd4 18. Qxc3 Bxc3 19. Rab1 Ba5 20.
Rb7 Rfb8 21. Rfb1 Bb6 22. Rxb8+ Rxb8 23. c4 c6 24. g3 f6 25. a4 Bc7 26. Rd1 Bb6
27. c5 Rd8 28. Rb1 Ba5 29. Bf4 Bc3 30. Rb7 a5 31. Rc7 Be5 32. Bxe5 fxe5 33.
Rxc6 Rd4 34. Ra6 Rxa4 35. Ra7 Rc4 36. Rxa5 Rc1+ 37. Kg2 e4 38. g4 g5 39. Ra4
Rxc5 40. Rxe4 Kf7 41. Kg3 Rc6 1/2-1/2

[Event "Russian Higher League 2020"]
[Site "?"]
[Date "2020.10.10"]
[Round "3.3"]
[White "Artemiev, Vladislav"]
[Black "Goryachkina, Aleksandra"]
[Result "1/2-1/2"]
[WhiteElo "2716"]
[BlackElo "2582"]
[PlyCount "83"]
[EventDate "2020.??.??"]

1. c4 c6 2. Nf3 d5 3. e3 Nf6 4. Qc2 e6 5. d4 Nbd7 6. b3 Bd6 7. Bb2 Qe7 8. Nbd2
h6 9. Ne5 O-O 10. Bd3 Ba3 11. Bxa3 Qxa3 12. f4 c5 13. O-O cxd4 14. exd4 b6 15.
cxd5 Nxe5 16. fxe5 Nxd5 17. Nc4 Qe7 18. Nd6 Nb4 19. Qd2 Nxd3 20. Qxd3 Bb7 21.
Qg3 f5 22. exf6 Rxf6 23. Rxf6 Qxf6 24. Qe5 Bd5 25. Qxf6 gxf6 26. Rc1 Kg7 27.
Rc8 a5 28. Rxa8 Bxa8 29. Kf2 Bd5 30. g4 Kf8 31. Ke3 Bc6 32. a4 Bd5 33. Nc4 Ke7
34. Kd3 Kd8 35. Nxb6 Bxb3 36. Nc4 Bxa4 37. Nxa5 Bd1 38. h3 h5 39. gxh5 Bxh5 40.
Nb7+ Ke7 41. Ke3 e5 42. dxe5 1/2-1/2

[Event "Russian Higher League 2020"]
[Site "?"]
[Date "2020.10.10"]
[Round "3.4"]
[White "Khismatullin, Denis"]
[Black "Esipenko, Andrey"]
[Result "1/2-1/2"]
[WhiteElo "2604"]
[BlackElo "2682"]
[PlyCount "84"]
[EventDate "2020.??.??"]

1. d4 Nf6 2. c4 e6 3. Nc3 Bb4 4. Qc2 O-O 5. e4 d5 6. e5 Ne4 7. Bd3 c5 8. Nf3
cxd4 9. Nxd4 Nd7 10. Bf4 Qh4 11. g3 Qh5 12. O-O g5 13. cxd5 gxf4 14. dxe6 Nxc3
15. exd7 Bxd7 16. bxc3 fxg3 17. fxg3 Rac8 18. Bxh7+ Kg7 19. e6 fxe6 20. Rxf8
Bxf8 21. Be4 Bc5 22. Kh1 e5 23. Nb3 Bb6 24. c4 Rh8 25. c5 Bc7 26. Re1 Bg4 27.
Qf2 Rf8 28. Qe3 Rh8 29. h4 b6 30. Nd2 Rf8 31. Kg2 bxc5 32. Bf3 Rd8 33. Bxg4
Qxg4 34. Ne4 Rd4 35. Ng5 Qd7 36. Qf3 Rd2+ 37. Kh1 Bd8 38. Qh5 Bxg5 39. Qxg5+
Kh7 40. Qh5+ Kg8 41. Qg6+ Kh8 42. Qh6+ Kg8 1/2-1/2

[Event "Russian Higher League 2020"]
[Site "?"]
[Date "2020.10.10"]
[Round "3.5"]
[White "Sakaev, Konstantin"]
[Black "Sjugirov, Sanan"]
[Result "1/2-1/2"]
[WhiteElo "2596"]
[BlackElo "2675"]
[PlyCount "113"]
[EventDate "2020.??.??"]

1. d4 Nf6 2. c4 e6 3. Nf3 b6 4. a3 Bb7 5. Nc3 Ne4 6. Nxe4 Bxe4 7. Bf4 d6 8. e3
Nd7 9. Bd3 Bb7 10. e4 Be7 11. O-O e5 12. Be3 exd4 13. Nxd4 O-O 14. f3 a5 15. b3
Bg5 16. Qd2 Bxe3+ 17. Qxe3 Re8 18. Qd2 Ne5 19. Be2 Qf6 20. Rac1 Ng6 21. g3 Nf8
22. Qc3 Ne6 23. Nxe6 Qxe6 24. Bd3 Qh6 25. Rf2 Re5 26. Rcf1 Rae8 27. Qd2 Qh5 28.
Be2 R5e7 29. Bd3 Qc5 30. b4 axb4 31. axb4 Qd4 32. Rc1 f5 33. exf5 Re3 34. Bf1
Qe5 35. c5 Bxf3 36. cxd6 cxd6 37. Rc4 Bb7 38. Rcf4 Re1 39. f6 gxf6 40. Rxf6 Re3
41. Qxd6 Qxd6 42. Rxd6 Re1 43. Rxb6 Bd5 44. Rd6 R8e5 45. Rd7 Rb1 46. Rf4 Bc6
47. Rc7 Bb5 48. Kg2 Rb2+ 49. Kh3 Bxf1+ 50. Rxf1 Rxb4 51. Rd1 Rh5+ 52. Kg2 Rb2+
53. Kg1 Rb8 54. Rdd7 Rh6 55. Kg2 Rb2+ 56. Kf3 Rf6+ 57. Kg4 1/2-1/2

[Event "Russian Higher League 2020"]
[Site "?"]
[Date "2020.10.10"]
[Round "3.6"]
[White "Fedoseev, Vladimir"]
[Black "Rozum, Ivan"]
[Result "1-0"]
[WhiteElo "2674"]
[BlackElo "2566"]
[PlyCount "107"]
[EventDate "2020.??.??"]

1. e4 c6 2. d4 d5 3. f3 dxe4 4. fxe4 e5 5. Nf3 Bg4 6. c3 Nd7 7. Bc4 Bh5 8. O-O
Ngf6 9. Qe1 Bd6 10. Bg5 Qc7 11. Nbd2 Bg6 12. Bd3 b5 13. a4 Rb8 14. axb5 cxb5
15. c4 bxc4 16. Nxc4 O-O 17. Rc1 Bb4 18. Ncxe5 Bxe1 19. Rxc7 Nxe5 20. Nxe5 Ba5
21. Rxa7 Bb6 22. Ra4 Bxe4 23. Bxf6 gxf6 24. Rxf6 Bxd3 25. Nxd3 Rfd8 26. Rf4
Rxd4 27. Raxd4 Rd8 28. Kf1 Bxd4 29. Rg4+ Kf8 30. b4 Bg1 31. Kxg1 Rxd3 32. Rg5
Rb3 33. b5 Rb2 34. Rh5 Kg7 35. g4 Kg6 36. h3 h6 37. Kf1 Rh2 38. Ke1 f5 39. Rxf5
Rxh3 40. Kd2 Rg3 41. Rf8 Kg7 42. Rf4 Rb3 43. Rf5 Kg6 44. Rc5 Rb4 45. Kc3 Rxg4
46. b6 Rg1 47. Kc4 Rb1 48. Rb5 Rc1+ 49. Kd5 Rc8 50. b7 Rb8 51. Kc6 h5 52. Kc7
Rh8 53. b8=Q Rxb8 54. Kxb8 1-0

[Event "Russian Higher League 2020"]
[Site "?"]
[Date "2020.10.10"]
[Round "3.7"]
[White "Ponkratov, Pavel"]
[Black "Samusenko, Maksim"]
[Result "1-0"]
[WhiteElo "2628"]
[BlackElo "2459"]
[PlyCount "89"]
[EventDate "2020.??.??"]

1. e4 c5 2. Nf3 Nc6 3. Nc3 e5 4. Bc4 Be7 5. d3 Nf6 6. O-O O-O 7. Ng5 h6 8. f4
d6 9. Nf3 exf4 10. Bxf4 Be6 11. Nd5 Nb4 12. Nxb4 cxb4 13. Bb3 Bxb3 14. axb3
Qb6+ 15. Kh1 d5 16. e5 Nd7 17. Qd2 Rac8 18. Rae1 Rc6 19. Be3 Bc5 20. Bxc5 Qxc5
21. Qf4 Qxc2 22. Nd4 Qxd3 23. Rf3 Qg6 24. Rg3 Qh5 25. Nxc6 bxc6 26. Qd4 Qf5 27.
e6 Qf6 28. exf7+ Qxf7 29. Rf3 Re8 30. Qxb4 Nf6 31. h3 Qg6 32. Rxe8+ Qxe8 33.
Qf4 Ne4 34. Kh2 Qe7 35. Rf1 a5 36. Rc1 Qe6 37. Ra1 Nc5 38. Rxa5 Nd3 39. Qg3
Nxb2 40. Ra8+ Kh7 41. Qc3 Qf6 42. Qc2+ g6 43. Ra7+ Kg8 44. Qe2 Kf8 45. Ra2 1-0

[Event "Russian Higher League 2020"]
[Site "?"]
[Date "2020.10.10"]
[Round "3.8"]
[White "Lysyj, Igor"]
[Black "Alekseev, Evgeny"]
[Result "1/2-1/2"]
[WhiteElo "2593"]
[BlackElo "2626"]
[PlyCount "53"]
[EventDate "2020.??.??"]

1. d4 Nf6 2. c4 e6 3. Nf3 d5 4. g3 Bb4+ 5. Bd2 Be7 6. Bg2 O-O 7. O-O Nbd7 8.
Qb3 c6 9. Bb4 b6 10. Bxe7 Qxe7 11. Qa3 Qxa3 12. Nxa3 Bb7 13. Rfc1 Rfc8 14. Ne5
Kf8 15. f4 Ke7 16. Bf3 c5 17. dxc5 Nxc5 18. Nb5 a5 19. Rc2 Nfe4 20. cxd5 Bxd5
21. Rac1 Nf6 22. Nc4 Rab8 23. Na7 Rc7 24. Nb5 Rcc8 25. Na7 Rc7 26. Nb5 Rcc8 27.
Na7 1/2-1/2

[Event "Russian Higher League 2020"]
[Site "?"]
[Date "2020.10.10"]
[Round "3.9"]
[White "Iljiushenok, Ilia"]
[Black "Predke, Alexandr"]
[Result "0-1"]
[WhiteElo "2515"]
[BlackElo "2676"]
[PlyCount "46"]
[EventDate "2020.??.??"]

1. e4 c6 2. d4 d5 3. e5 Bf5 4. Nf3 e6 5. Be2 Ne7 6. O-O c5 7. c4 Nbc6 8. dxc5
d4 9. Qa4 Ng6 10. b4 a5 11. b5 Ncxe5 12. c6 bxc6 13. bxc6 d3 14. Nxe5 Nxe5 15.
Bd1 Bd6 16. c5 Bc7 17. g4 Nxg4 18. Bxg4 Qh4 19. h3 h5 20. Bd1 Be4 21. Bg4 Bh2+
22. Kxh2 hxg4 23. c7+ Kf8 0-1

[Event "Russian Higher League 2020"]
[Site "?"]
[Date "2020.10.10"]
[Round "3.10"]
[White "Paravyan, David"]
[Black "Zabotin, Alexander"]
[Result "1-0"]
[WhiteElo "2653"]
[BlackElo "2486"]
[PlyCount "93"]
[EventDate "2020.??.??"]

1. e4 c5 2. Nf3 d6 3. d4 cxd4 4. Nxd4 Nf6 5. Nc3 a6 6. Be3 e6 7. g4 h6 8. h4
Nc6 9. Nxc6 bxc6 10. Qf3 h5 11. gxh5 e5 12. h6 g6 13. Bg5 Be7 14. Rg1 Be6 15.
Bh3 Bxh3 16. Qxh3 Qd7 17. Qd3 Qe6 18. O-O-O Nh5 19. Kb1 Nf4 20. Qd2 Nh3 21. Rg3
Nxg5 22. hxg5 O-O 23. Ne2 Kh7 24. f4 exf4 25. Qxf4 f5 26. Nd4 Qxe4 27. Qxe4
fxe4 28. Nxc6 Rae8 29. c4 Rf5 30. Rd5 Rf1+ 31. Kc2 Bxg5 32. Rgxg5 e3 33. Nd4
Rf2+ 34. Kc3 e2 35. Nxe2 Rexe2 36. Rxd6 Rc2+ 37. Kb4 Rxb2+ 38. Kc5 Rb7 39.
Rdxg6 Rxa2 40. Kc6 Rab2 41. Rg7+ Rxg7 42. hxg7 Kg8 43. Kd6 Rd2+ 44. Rd5 Rg2 45.
c5 Rg6+ 46. Kc7 Rxg7+ 47. Kb6 1-0